02557cam a2200289 i 4500001001000000003000600010005001700016008004100033020001800074035004100092040009300133041000800226050002500234100003000259245009000289260005200379300005500431504006700486505076300553520075301316650001402069650003102083650003702114650003602151650003002187650005002217a40229717SIRSI20250514093828.0211012t20222022enkad b 001 0 eng d a9781009010894 a(OCoLC)1274199318z(OCoLC)1275357070 aYDXbengerdacYDXdUKMGBdOCLCOdOCLCFdS#LdZPXdCDXdBDXdOCLdHF9dZ83dGSUdUtOrBLW aeng 4aRM666.C266bC47 2022 aCermak, Timmen L.eauthor10aMarijuana on my mindb: the science and mystique of cannabisc/ Timmen L. Cermak, MD. aCambridge :bCambridge University Press,c2022. axvii, 322 pages :billustrations, charts ;c20 cm. aIncludes bibliographical references (pages 308-312) and index.0 aThe science and mystique of cannabis — The plant, its history, and its products — The brain and its natural cannabinoid chemistry — The plant's impact on the brain and experience — Putting cannabis in perspective — Cannabis culture and spirituality — Medical cannabis, part I: cannabinoids with strong scientific evidence — Medical cannabis, part II: cannabinoids with preliminary scientific evidence — Medical cannabis, part III: CBD facts, fads, and possibilities — When cannabinoid receptors disappear — When addiction hijacks the brain's reward system — Adolescents and cannabis — Further consequences of using cannabis too frequently — Treatment and recovery — Public health and politics — Epilogue: The future of cannabis. aMarijuana is on everyone's mind. Why do so many people enjoy it? What is it doing in our brains? Is it safe for everyone to use? What should we be telling our children? What are the benefits of medical marijuana? How does CBD live up to its hype? Does marijuana have spiritual power? And with so much conflicting information out there, how do we begin to make up our own minds about cannabis? Marijuana On My Mind is for anyone who has ever experienced the mystique of cannabis or wondered exactly how cannabis works. With over 40 years of clinical experience, Dr Timmen Cermak uses science to make sense of the endless debate between advocates and opponents of cannabis and provides answers to some of the greatest mysteries surrounding marijuana. 0aMarijuana 0aMarijuanaxTherapeutic use 0aMarijuanaxPsychological aspects 0aMarijuanaxPhysiological effect 0aMarijuanaxSocial aspects 0aCannabis0https://id.nlm.nih.gov/mesh/D002188